|
|
|
|
| LEADER |
00000cam a2200000 7i4500 |
| 001 |
0000031284 |
| 005 |
20260220.0 |
| 008 |
260210 my a may |
| 040 |
|
|
|a INS
|b eng
|c INS
|e rda
|
| 041 |
0 |
|
|a May
|
| 090 |
0 |
0 |
|a M663
|
| 245 |
1 |
0 |
|a Kursus Bahasa Mandarin, 28-30 April 2025
|
| 264 |
|
1 |
|a Kajang :
|b Institut Penilaian Negara (INSPEN)
|c 2025
|
| 300 |
|
|
|a 1 Course module ;
|c Various pagination.
|
| 336 |
|
|
|a text
|2 rdacontent
|
| 337 |
|
|
|a unmediated
|2 rdamedia
|
| 338 |
|
|
|a volume
|2 rdacarrier
|
| 650 |
|
0 |
|a Chinese language
|x Conversation and phrase books
|z Malaysia
|
| 650 |
|
0 |
|a Chinese language
|x Phonetics
|
| 650 |
|
0 |
|a Chinese language
|x Spoken Chinese
|
| 650 |
|
0 |
|a Chinese language
|x Study and teaching
|z Malaysia
|
| 650 |
|
0 |
|a Communication in the workplace
|z Malaysia
|
| 650 |
|
0 |
|a Public officers
|x Language training
|z Malaysia
|
| 830 |
|
0 |
|a Program Latihan 2025
|
| 999 |
|
|
|a M000001405
|b BOOK
|c Course Notes
|e Default branch
|